|
|
|
|
| LEADER |
00000cam a2200000 a 4500 |
| 001 |
73514 |
| 003 |
CZ-ZlUTB |
| 005 |
20240829153551.0 |
| 007 |
ta |
| 008 |
140603s2014 xr a e p 000 0 cze |
| 015 |
|
|
|a cnb002593607
|
| 020 |
|
|
|a 9788001055090
|q (brož.)
|
| 035 |
|
|
|a (OCoLC)886604910
|
| 040 |
|
|
|a BOA001
|b cze
|
| 072 |
|
7 |
|a 519.1/.8
|x Kombinatorika. Teorie grafů. Matematická statistika. Operační výzkum. Matematické modelování
|2 Konspekt
|9 13
|
| 072 |
|
7 |
|a 37.016
|x Učební osnovy. Vyučovací předměty. Učebnice
|2 Konspekt
|9 22
|
| 080 |
|
|
|a 519.23
|2 MRF
|
| 080 |
|
|
|a 519.21
|2 MRF
|
| 080 |
|
|
|a 519.226
|2 MRF
|
| 080 |
|
|
|a 519.86/.87
|2 MRF
|
| 080 |
|
|
|a (075.8)
|2 MRF
|
| 100 |
1 |
|
|a Kožíšek, Jan,
|d 1941-
|7 ntka173042
|4 aut
|
| 245 |
1 |
0 |
|a Statistická a rozhodovací analýza /
|c Jan Kožíšek, Barbora Stieberová
|
| 250 |
|
|
|a 2. vyd.
|
| 260 |
|
|
|a Praha :
|b České vysoké učení technické v Praze,
|c 2014
|
| 300 |
|
|
|a 252 s. :
|b il. ;
|c 30 cm
|
| 500 |
|
|
|a Na obálce nad názvem: České vysoké učení technické v Praze, Fakulta strojní
|
| 500 |
|
|
|a 50 výt.
|
| 504 |
|
|
|a Obsahuje bibliografii
|
| 650 |
0 |
7 |
|a statistická analýza
|7 ph126062
|2 czenas
|
| 650 |
0 |
7 |
|a pravděpodobnostní metody
|7 ph220676
|2 czenas
|
| 650 |
0 |
7 |
|a teorie rozhodování
|7 ph126572
|2 czenas
|
| 650 |
0 |
7 |
|a modelování a simulace
|7 ph125543
|2 czenas
|
| 650 |
0 |
9 |
|a statistical analysis
|2 eczenas
|
| 650 |
0 |
9 |
|a probabilistic methods
|2 eczenas
|
| 650 |
0 |
9 |
|a decision theory
|2 eczenas
|
| 650 |
0 |
9 |
|a modeling and simulation
|2 eczenas
|
| 655 |
|
7 |
|a učebnice vysokých škol
|7 fd133772
|2 czenas
|
| 655 |
|
9 |
|a textbooks (higher)
|2 eczenas
|
| 700 |
1 |
|
|a Stieberová, Barbora,
|d 1978-
|7 ctu2006326621
|4 aut
|
| 710 |
2 |
|
|a České vysoké učení technické v Praze.
|b Strojní fakulta
|7 ko20010093670
|
| 910 |
|
|
|a ZLD002
|
| 928 |
9 |
|
|a Česká technika - nakladatelství ČVUT
|
| 952 |
|
|
|0 0
|1 0
|4 0
|6 S519KOŽÍŠEK_J
|7 0
|8 BOOK
|9 129810
|a UTBZL
|b UTBZL
|c 006
|d 2014-09-19
|i 66259
|l 0
|o S519/KOŽÍŠEK, J.
|p 420010155934
|r 2019-08-26 00:00:00
|v 309.00
|w 2019-08-26
|x N:nákup; | 20100430
|y 04
|
| 952 |
|
|
|0 0
|1 0
|4 0
|6 S519KOŽÍŠEK_J
|7 0
|8 BOOK
|9 129811
|a UTBZL
|b UTBZL
|c 006
|d 2014-09-19
|i 66259
|l 4
|o S519/KOŽÍŠEK, J.
|p 420010155935
|r 2025-04-14 00:00:00
|v 309.00
|w 2019-08-26
|x N:nákup; | 20100430
|y 04
|
| 992 |
|
|
|a BK
|b SK
|d 4
|
| 901 |
|
|
|b 9788001055090
|f 2. vyd.
|o 20140613
|
| 998 |
|
|
|a 006234472
|
| 999 |
|
|
|c 73514
|d 73514
|